[Event "Vratsa op (Women)"]
[Site "Vratsa"]
[Date "2013.07.16"]
[Round "2"]
[White "Dragomirescu, Angela"]
[Black "Stefanova, Milena"]
[Result "1-0"]
[WhiteElo "2239"]
[BlackElo "1989"]
[PlyCount "95"]
[EventDate "2013.07.15"]
[EventType "swiss"]
[EventRounds "9"]
[EventCountry "BUL"]
[SourceTitle "CBM 155 Extra"]
[Source "ChessBase"]
[SourceDate "2013.08.26"]
[SourceVersion "1"]
[SourceVersionDate "2013.08.26"]
[SourceQuality "1"]

1. d4 d5 2. c4 c6 3. Nd2 Nf6 4. Ngf3 a6 5. Qc2 g6 6. e3 Bf5 7. Qb3 Qc7 8. h3 Bg7 9. Be2 0-0 10. Nh4 Be6 11. Qc2 Rc8 12. c5 b6 13. Nb3 Nbd7 14. 0-0 bxc5 15. dxc5 Qa7 16. Bd2 Ne4 17. Bb4 Rab8 18. Ba3 a5 19. Rfc1 a4 20. Nd4 Nexc5 21. Bxc5 Nxc5 22. Qxc5 Qxc5 23. Rxc5 Rxb2 24. Nxe6 fxe6 25. Bg4 Kf7 26. Nf3 h5 27. Ng5+ Kf6 28. Bxe6 Rcb8 29. h4 R8b6 30. Rac1 Rxa2 31. Rxc6 Rxc6 32. Rxc6 Ra1+ 33. Kh2 Bh6 34. Bxd5+ Ke5 35. Bf7 Bxg5 36. hxg5 Kf5 37. Rxg6 a3 38. Ra6 Kxg5 39. Ra5+ e5 40. Kg3 h4+ 41. Kf3 Kf6 42. Bd5 Kf5 43. Ra6 Kg5 44. Be4 h3 45. gxh3 Kh4 46. Ra5 Kxh3 47. Rxe5 Kh4 48. Bg6 1-0

[Event "Vratsa op (Women)"]
[Site "Vratsa"]
[Date "2013.07.15"]
[Round "1"]
[White "Stefanova, Milena"]
[Black "Shivacheva, Donika"]
[Result "1-0"]
[WhiteElo "1989"]
[BlackElo "1709"]
[PlyCount "97"]
[EventDate "2013.07.15"]
[EventType "swiss"]
[EventRounds "9"]
[EventCountry "BUL"]
[SourceTitle "CBM 155 Extra"]
[Source "ChessBase"]
[SourceDate "2013.08.26"]
[SourceVersion "1"]
[SourceVersionDate "2013.08.26"]
[SourceQuality "1"]

1. e4 b6 2. d4 Bb7 3. Bd3 Nf6 4. Nc3 e6 5. Nge2 Be7 6. 0-0 0-0 7. Ng3 d6 8. e5 Nd5 9. Nxd5 exd5 10. Nf5 dxe5 11. Qg4 g6 12. Bh6 Re8 13. Ng7 Bf8 14. Bg5 f6 15. Nxe8 Qxe8 16. Bxf6 e4 17. Be2 Nd7 18. Bg5 Bg7 19. c3 Nf6 20. Qh4 Qe6 21. Qg3 c5 22. dxc5 bxc5 23. Be3 Qc6 24. Rad1 Ne8 25. b4 cxb4 26. cxb4 Nd6 27. Bg4 Nc4 28. Bc5 a5 29. Qh3 axb4 30. Be6+ Kh8 31. Bxd5 Qxc5 32. Bxb7 Re8 33. Qd7 Rf8 34. Bxe4 Ne3 35. fxe3 Qxe3+ 36. Kh1 Qxe4 37. Rxf8+ Bxf8 38. Rf1 Qe7 39. Qxe7 Bxe7 40. Rf7 Bc5 41. Rb7 Kg8 42. h3 h6 43. Kh2 Bd6+ 44. Kg1 g5 45. Kf1 h5 46. Ke2 Kf8 47. Kd3 Ke8 48. Kc4 Kd8 49. Rxb4 1-0

[Event "World Amateur-ch"]
[Site "Iasi"]
[Date "2013.04.23"]
[Round "2"]
[White "Stefanova, Milena"]
[Black "Ionita, Gheorghe"]
[Result "1-0"]
[WhiteElo "1996"]
[BlackElo "1616"]
[PlyCount "65"]
[EventDate "2013.04.22"]
[EventType "swiss"]
[EventRounds "9"]
[EventCountry "ROU"]
[SourceTitle "CBM 154 Extra"]
[Source "ChessBase"]
[SourceDate "2013.06.25"]
[SourceVersion "2"]
[SourceVersionDate "2013.06.25"]
[SourceQuality "1"]

1. e4 c5 2. c3 d5 3. exd5 Qxd5 4. d4 Nc6 5. dxc5 Qxc5 6. Be3 Qa5 7. Bc4 Bf5 8. Qb3 Ne5 9. Qxb7 Rd8 10. Qb5+ Qxb5 11. Bxb5+ Bd7 12. Bxd7+ Rxd7 13. b3 Nf6 14. Na3 Nfg4 15. Nf3 Nxf3+ 16. gxf3 Nxe3 17. fxe3 e5 18. Nc4 f6 19. Ke2 g5 20. Rad1 h5 21. Rxd7 Kxd7 22. Rd1+ Ke6 23. Rd8 g4 24. Re8+ Kf5 25. Nd6+ Kg6 26. c4 Kh7 27. c5 f5 28. Nf7 Rg8 29. c6 Kg7 30. c7 gxf3+ 31. Kxf3 e4+ 32. Kf2 Kxf7 33. c8Q 1-0

[Event "World Amateur-ch"]
[Site "Iasi"]
[Date "2013.04.22"]
[Round "1"]
[White "Zubcu, Vlad George"]
[Black "Stefanova, Milena"]
[Result "1-0"]
[WhiteElo "1774"]
[BlackElo "1996"]
[PlyCount "199"]
[EventDate "2013.04.22"]
[EventType "swiss"]
[EventRounds "9"]
[EventCountry "ROU"]
[SourceTitle "CBM 154 Extra"]
[Source "ChessBase"]
[SourceDate "2013.06.25"]
[SourceVersion "2"]
[SourceVersionDate "2013.06.25"]
[SourceQuality "1"]

1. e4 d5 2. Nc3 d4 3. Nce2 e5 4. Ng3 Be6 5. Bb5+ c6 6. Be2 Nf6 7. d3 Bb4+ 8. Bd2 Bxd2+ 9. Qxd2 Nbd7 10. Nf3 h6 11. 0-0 Qc7 12. Nh4 g6 13. c3 0-0-0 14. cxd4 exd4 15. b4 Kb8 16. Rfc1 g5 17. Nhf5 Qf4 18. Qb2 h5 19. Nxd4 h4 20. Nxe6 fxe6 21. Nf1 g4 22. Qd2 Qe5 23. g3 hxg3 24. fxg3 Nh5 25. Bxg4 Rdg8 26. Bxh5 Qxh5 27. d4 Rg4 28. Qg2 Nf6 29. Rc5 Qg6 30. Re1 Nxe4 31. Re5 Ng5 32. b5 Qf7 33. Nd2 Nh3+ 34. Kh1 Nf2+ 35. Kg1 Nh3+ 36. Kh1 Rxd4 37. Nf3 Rd3 38. Rf1 Qd7 39. Re2 Qd5 40. bxc6 Rf8 41. Nd2 Rxf1+ 42. Nxf1 bxc6 43. Qxd5 exd5 44. Kg2 Ng5 45. h4 Ne4 46. h5 c5 47. h6 Ng5 48. h7 Nxh7 49. Re8+ Kc7 50. Re7+ Kb6 51. Rxh7 c4 52. Re7 d4 53. Re1 Ra3 54. Rc1 c3 55. Kf3 d3 56. Ke3 d2 57. Rb1+ Kc5 58. Kd3 Kd6 59. Ne3 c2+ 60. Kxc2 Rxe3 61. Rb3 Re2 62. Rd3+ Ke5 63. Rxd2 Re3 64. Rd3 Re2+ 65. Kb3 Ke4 66. Rc3 Kd4 67. a4 a5 68. Rf3 Rg2 69. Rf4+ Ke5 70. Rg4 Kd5 71. Rg5+ Kc6 72. g4 Kb6 73. Rb5+ Kc6 74. g5 Rg3+ 75. Kc2 Rg2+ 76. Kc3 Rg3+ 77. Kd2 Rg4 78. Rxa5 Kb6 79. Rf5 Rxa4 80. Ke3 Rg4 81. Kf3 Rg1 82. Rf6+ Kc5 83. Kf4 Kd5 84. Kf5 Rg2 85. Kg6 Ke5 86. Rf1 Rg3 87. Kh6 Ke6 88. Kg6 Ke7 89. Kh6 Rg2 90. g6 Rh2+ 91. Kg7 Rg2 92. Re1+ Kd6 93. Kh7 Rh2+ 94. Kg8 Rg2 95. g7 Kd7 96. Re4 Kd6 97. Kh7 Rh2+ 98. Kg6 Rg2+ 99. Kh6 Kd7 100. Re5 1-0

[Event "BUL-ch op (Women) 20th"]
[Site "Vratsa"]
[Date "2010.07.29"]
[Round "7"]
[White "Stefanova, Milena"]
[Black "Sirkova, Darena"]
[Result "0-1"]
[WhiteElo "1992"]
[BlackElo "2109"]
[PlyCount "56"]
[EventDate "2010.07.25"]
[EventType "swiss"]
[EventRounds "9"]
[EventCountry "BUL"]
[SourceTitle "CBM 137 Extra"]
[Source "ChessBase"]
[SourceDate "2010.09.01"]
[SourceVersion "1"]
[SourceVersionDate "2010.09.01"]
[SourceQuality "1"]

1. e4 g6 2. d4 d6 3. Be3 Bg7 4. Nc3 Nf6 5. h3 0-0 6. Nf3 b6 7. Bc4 Bb7 8. e5 Ne8 9. e6 f5 10. Ng5 c6 11. d5 Qc8 12. Bb3 f4 13. Bd4 Rf5 14. Bxg7 Kxg7 15. Nce4 cxd5 16. Qd4+ Nf6 17. Nxf6 exf6 18. 0-0-0 Rxg5 19. Rhe1 Re5 20. g3 Qxe6 21. Qc3 fxg3 22. f4 Rxe1 23. Rxe1 Qd7 24. f5 Na6 25. Re6 Rf8 26. Qxg3 Nc5 27. Rxd6 Qxf5 28. Qe1 Qf4+ 0-1

[Event "BUL-ch U20 Girls"]
[Site "Sofia"]
[Date "2010.03.10"]
[Round "4"]
[White "Stefanova, Milena"]
[Black "Naydenova, Yordanka"]
[Result "1/2-1/2"]
[WhiteElo "1991"]
[BlackElo "1926"]
[PlyCount "180"]
[EventDate "2010.03.08"]
[EventType "tourn"]
[EventRounds "9"]
[EventCountry "BUL"]
[SourceTitle "CBM 135 Extra"]
[Source "ChessBase"]
[SourceDate "2010.05.04"]
[SourceVersion "1"]
[SourceVersionDate "2010.05.04"]
[SourceQuality "1"]

1. e4 e5 2. Nf3 Nc6 3. d4 exd4 4. Nxd4 Bc5 5. Be3 Qf6 6. c3 Nge7 7. Bc4 0-0 8. 0-0 d6 9. Kh1 Bb6 10. f4 Ng6 11. g4 Qh4 12. Be2 Re8 13. Nd2 d5 14. e5 Qh3 15. Bf3 Nh4 16. Rg1 Nxf3 17. Qxf3 Qxf3+ 18. N2xf3 Bd7 19. Rae1 Na5 20. b3 c5 21. Nc2 Bb5 22. b4 Nc4 23. Bxc5 Bxc5 24. bxc5 Rac8 25. Ncd4 Rxc5 26. Rb1 Ba6 27. Rgc1 Rec8 28. Nf5 Kf8 29. N3d4 g6 30. Ng3 Ne3 31. h3 Rxc3 32. Rxc3 Rxc3 33. Nge2 Bxe2 34. Nxe2 Rc2 35. Nd4 Rd2 36. Nf3 Rxa2 37. Rxb7 Ra4 38. Ng5 Rxf4 39. Rxa7 h6 40. Nh7+ Kg7 41. Nf6 Rf1+ 42. Kh2 Nc4 43. Re7 d4 44. Ne4 Re1 45. Nd6 Nxe5 46. Kg2 d3 47. Nb5 d2 48. Nc3 Kf8 49. Ra7 d1Q 50. Nxd1 Rxd1 51. Rb7 Kg7 52. Rb6 Rd2+ 53. Kg3 Rd3+ 54. Kg2 Nf3 55. Ra6 Ng5 56. h4 Ne4 57. Kh2 Rg3 58. h5 g5 59. Ra4 Rxg4 60. Rb4 Nf6 61. Rb6 Nxh5 62. Kh3 Rh4+ 63. Kg2 Nf4+ 64. Kg1 Rg4+ 65. Kh2 h5 66. Ra6 h4 67. Rb6 h3 68. Ra6 Rg2+ 69. Kh1 Ne2 70. Rg6+ Kf8 71. Rg8+ Ke7 72. Re8+ Kf6 73. Re6+ Kf5 74. Rf6+ Kg4 75. Rf4+ Kg3 76. Rg4+ Kf2 77. Rf4+ Ke1 78. Rf1+ Kd2 79. Rd1+ Ke3 80. Rd3+ Kf4 81. Rf3+ Kg4 82. Rf4+ Kh5 83. Rh4+ Kg6 84. Rh6+ Kf5 85. Rf6+ Ke4 86. Rf4+ Kd3 87. Rd4+ Ke3 88. Rd3+ Kf4 89. Rf3+ Kg4 90. Rf4+ Nxf4 1/2-1/2

[Event "BUL-ch sf (Women)"]
[Site "Plovdiv"]
[Date "2010.01.24"]
[Round "1"]
[White "Stefanova, Milena"]
[Black "Vasileva, Cveta"]
[Result "1-0"]
[WhiteElo "1996"]
[BlackElo "1451"]
[PlyCount "89"]
[EventDate "2010.01.24"]
[EventType "swiss"]
[EventRounds "7"]
[EventCountry "BUL"]
[SourceTitle "CBM 134 Extra"]
[Source "ChessBase"]
[SourceDate "2010.03.03"]
[SourceVersion "1"]
[SourceVersionDate "2010.03.03"]
[SourceQuality "1"]

1. e4 c5 2. c3 e5 3. Nf3 Nc6 4. Bc4 d6 5. h3 Be6 6. Bxe6 fxe6 7. 0-0 Nf6 8. d4 exd4 9. cxd4 Be7 10. Nc3 0-0 11. dxc5 dxc5 12. Qb3 Qc8 13. Be3 Kh8 14. e5 Ne8 15. Qc4 Na5 16. Qe4 Qc6 17. Rfd1 b6 18. Bg5 Qxe4 19. Nxe4 Bxg5 20. Nfxg5 h6 21. Nxe6 Rf5 22. Nd6 Nxd6 23. exd6 Nc6 24. d7 Nd8 25. Nc7 Rb8 26. Re1 Kg8 27. Re8+ Rf8 28. Rxf8+ Kxf8 29. Re1 Kf7 30. Re8 Rb7 31. Rxd8 Ke7 32. Rg8 Kxd7 33. Rxg7+ Kc6 34. Ne6 Rxg7 35. Nxg7 Kd5 36. Kf1 Kd4 37. Ke2 c4 38. Nf5+ Kc5 39. Nxh6 Kb4 40. g4 c3 41. bxc3+ Kxc3 42. g5 b5 43. g6 Kb2 44. g7 Kxa2 45. g8Q+ 1-0

[Event "Vratsa op (Women)"]
[Site "Vratsa"]
[Date "2009.07.28"]
[Round "5"]
[White "Stefanova, Milena"]
[Black "Bulmaga, Elena"]
[Result "1/2-1/2"]
[WhiteElo "1985"]
[BlackElo "1654"]
[PlyCount "86"]
[EventDate "2009.07.25"]
[EventType "swiss"]
[EventRounds "9"]
[EventCountry "BUL"]
[SourceTitle "CBM 131 Extra"]
[Source "ChessBase"]
[SourceDate "2009.09.03"]
[SourceVersion "2"]
[SourceVersionDate "2009.09.16"]
[SourceQuality "1"]

1. b4 d5 2. Bb2 Bg4 3. d3 e6 4. Nd2 Nf6 5. a3 Nbd7 6. Ngf3 c5 7. bxc5 Bxc5 8. e3 0-0 9. Be2 Rc8 10. 0-0 Qc7 11. h3 Bh5 12. c4 Rfd8 13. Rc1 dxc4 14. Nxc4 b5 15. Nce5 Nxe5 16. Nxe5 Bxe2 17. Qxe2 Qb7 18. Rfd1 Bd6 19. Bd4 Bxa3 20. Rb1 a6 21. Nc4 Be7 22. Bb6 Rd5 23. e4 Rd7 24. Ba5 Bd8 25. Bd2 Qc7 26. Ne3 Qe5 27. Bc1 Bb6 28. Qa2 a5 29. Bb2 Qg5 30. Nc4 bxc4 31. Bxf6 Qxf6 32. Rxb6 Qc3 33. Qb1 Rcd8 34. Rc1 Qxd3 35. Qxd3 cxd3 36. Ra6 d2 37. Rd1 h6 38. Rxa5 Rc7 39. Kf1 Rc4 40. f3 Rc1 41. Ke2 Kh7 42. Ra2 Rxd1 43. Kxd1 Kg6 1/2-1/2

[Event "BUL-ch U20 Girls"]
[Site "Sofia"]
[Date "2009.03.14"]
[Round "6"]
[White "Vasova, Mariya"]
[Black "Stefanova, Milena"]
[Result "0-1"]
[WhiteElo "1791"]
[BlackElo "2016"]
[PlyCount "136"]
[EventDate "2009.03.09"]
[EventType "swiss"]
[EventRounds "7"]
[EventCountry "BUL"]
[SourceTitle "CBM 129 Extra"]
[Source "ChessBase"]
[SourceDate "2009.05.05"]
[SourceVersion "2"]
[SourceVersionDate "2009.05.20"]
[SourceQuality "1"]

1. e4 d5 2. exd5 Nf6 3. c4 e6 4. d4 exd5 5. Nf3 Bb4+ 6. Bd2 Qe7+ 7. Be2 0-0 8. 0-0 Bf5 9. c5 Bxd2 10. Nbxd2 Nc6 11. Re1 Ne4 12. Bd3 Bg6 13. a3 f5 14. Qb3 Rad8 15. Qxb7 Qf6 16. Qxc7 Nxd4 17. Qf4 Nxf3+ 18. Nxf3 Nxc5 19. Rad1 Nxd3 20. Rxd3 Qxb2 21. h3 Qf6 22. Red1 Bf7 23. Ng5 Bh5 24. R1d2 h6 25. Nf3 Bf7 26. Nd4 Be8 27. Nf3 Bc6 28. Nd4 Bb7 29. Rf3 Bc8 30. Re2 a6 31. h4 a5 32. h5 Qf7 33. Re5 Qxh5 34. Nxf5 Bxf5 35. Rxf5 Rxf5 36. Qxf5 Qxf5 37. Rxf5 g6 38. Rf3 d4 39. Kf1 Kg7 40. Ke2 h5 41. Kd3 Kh6 42. Rf4 Rb8 43. Kc2 Rc8+ 44. Kd2 Rd8 45. Kd3 Rb8 46. Kc2 d3+ 47. Kxd3 Rb3+ 48. Kc2 Rxa3 49. Kb2 Rd3 50. Kc2 Rd8 51. Ra4 Rf8 52. f3 Ra8 53. Kd2 Kg5 54. Ke2 Ra6 55. Kf2 Kf6 56. g3 Ke5 57. Kg2 Kd5 58. Ra1 a4 59. Rd1+ Kc4 60. Rc1+ Kb3 61. Rb1+ Kc2 62. Rb8 a3 63. Rc8+ Kb3 64. Rb8+ Ka4 65. Re8 a2 66. Re4+ Kb5 67. Re5+ Kc4 68. Re4+ Kd3 0-1

[Event "BUL-ch U20 Girls"]
[Site "Sofia"]
[Date "2009.03.13"]
[Round "5"]
[White "Stefanova, Milena"]
[Black "Sirkova, Darena"]
[Result "0-1"]
[WhiteElo "2016"]
[BlackElo "1942"]
[PlyCount "128"]
[EventDate "2009.03.09"]
[EventType "swiss"]
[EventRounds "7"]
[EventCountry "BUL"]
[SourceTitle "CBM 129 Extra"]
[Source "ChessBase"]
[SourceDate "2009.05.05"]
[SourceVersion "2"]
[SourceVersionDate "2009.05.20"]
[SourceQuality "1"]

1. e4 c5 2. c3 Nf6 3. e5 Nd5 4. Bc4 Nb6 5. Bb3 d5 6. d4 cxd4 7. cxd4 Bf5 8. Nf3 e6 9. 0-0 Nc6 10. Nc3 Be7 11. Be3 0-0 12. a3 Rc8 13. Bc2 Bxc2 14. Qxc2 Nc4 15. Rfc1 Qb6 16. Ra2 a5 17. h3 Na7 18. Bg5 Rfe8 19. Bxe7 Rxe7 20. Na4 Qd8 21. Qe2 Nxe5 22. Rxc8 Nxf3+ 23. Qxf3 Qxc8 24. b3 Qc1+ 25. Kh2 Nb5 26. Qd3 Nxa3 27. Qg3 Re8 28. Nc3 Nc2 29. Ne2 Qd1 30. Qc3 Qxe2 31. Rxc2 Qb5 32. Ra2 b6 33. Rc2 h6 34. Rc1 Ra8 35. Qf3 Qd7 36. Qc3 Qd6+ 37. Kg1 Qb4 38. Qd3 Qd6 39. Qb5 Qf4 40. Qc6 Rb8 41. Qc3 Qd6 42. Qd3 Qd7 43. Qc3 Kf8 44. Qc2 f5 45. g4 fxg4 46. hxg4 e5 47. Qg6 exd4 48. Rd1 Rc8 49. Rxd4 Rc6 50. Qh5 Rc5 51. Qe5 Rb5 52. Qb8+ Kf7 53. Rf4+ Kg6 54. Qe5 Rxb3 55. Qh5+ Kh7 56. Rf7 Qe6 57. Rf8 Rb1+ 58. Kg2 Qe4+ 59. f3 Qe2+ 60. Kg3 Rg1+ 61. Kf4 g5+ 62. Kf5 Qxf3+ 63. Ke5 Re1+ 64. Kd4 Qxf8 0-1

[Event "Kesarovski Georgiev Memorial 7th"]
[Site "Sunny Beach"]
[Date "2008.09.10"]
[Round "3"]
[White "Dimitrov, Pavel"]
[Black "Stefanova, Milena"]
[Result "1-0"]
[WhiteElo "2415"]
[BlackElo "2047"]
[PlyCount "57"]
[EventDate "2008.09.08"]
[EventType "swiss"]
[EventRounds "9"]
[EventCountry "BUL"]
[SourceTitle "CBM 126 Extra"]
[Source "ChessBase"]
[SourceDate "2008.11.05"]
[SourceVersion "1"]
[SourceVersionDate "2008.11.05"]
[SourceQuality "1"]

1. e4 d5 2. exd5 Nf6 3. Nf3 Nxd5 4. d4 Bg4 5. Be2 e6 6. h3 Bh5 7. c3 Be7 8. Na3 0-0 9. Nc4 c5 10. 0-0 Nc6 11. Nce5 Nxe5 12. dxe5 Qc7 13. Re1 Rad8 14. Qa4 a6 15. Qe4 Bg6 16. Qg4 Rd7 17. a4 h5 18. Qg3 h4 19. Nxh4 Bxh4 20. Qxh4 Qxe5 21. Bg5 Qc7 22. Bg4 Nf4 23. Bxf4 Qxf4 24. Rxe6 Rfd8 25. Rae1 Rd1 26. g3 Qxa4 27. Bxd1 Qxh4 28. Re8+ Kh7 29. gxh4 1-0

[Event "EU-ch (Women) 9th"]
[Site "Plovdiv"]
[Date "2008.05.01"]
[Round "10"]
[White "Stefanova, Milena"]
[Black "Khropova, Larisa"]
[Result "1-0"]
[WhiteElo "2029"]
[BlackElo "2069"]
[PlyCount "117"]
[EventDate "2008.04.21"]
[EventType "swiss"]
[EventRounds "11"]
[EventCountry "BUL"]
[SourceTitle "CBM 123 Extra"]
[Source "ChessBase"]
[SourceDate "2008.05.06"]
[SourceVersion "1"]
[SourceVersionDate "2008.05.06"]
[SourceQuality "1"]

1. e4 c5 2. c3 d5 3. exd5 Qxd5 4. d4 Nf6 5. dxc5 Qxc5 6. Be3 Qc7 7. Na3 a6 8. Nc4 Nbd7 9. a4 b6 10. a5 bxa5 11. Qa4 Rb8 12. Qxa5 Qb7 13. Be2 e6 14. Bf4 Ra8 15. Bd6 Qc6 16. Qa3 Ne4 17. Bxf8 Rxf8 18. Nf3 Qc7 19. 0-0 f6 20. Nd4 Kf7 21. Bf3 Ndc5 22. b4 Nb7 23. Bxe4 Qxc4 24. Qb3 Qxb3 25. Nxb3 Ra7 26. b5 Nd6 27. b6 Re7 28. Bd3 Bb7 29. c4 Rd8 30. c5 Nb5 31. Bxb5 axb5 32. Ra7 Bd5 33. Rxe7+ Kxe7 34. Nd4 Rc8 35. Rc1 Kd7 36. Nxb5 Rb8 37. Na7 g5 38. c6+ Bxc6 39. Rxc6 Rb7 40. Kf1 h5 41. Ke2 Rb8 42. Rc7+ Kd6 43. Nb5+ Kd5 44. b7 e5 45. Kd3 e4+ 46. Kc3 f5 47. Kb4 f4 48. Ka5 e3 49. fxe3 fxe3 50. Kb6 Re8 51. Rc8 Re6+ 52. Ka5 e2 53. Nc3+ Kd4 54. Nxe2+ Rxe2 55. b8Q Ra2+ 56. Kb5 Rb2+ 57. Kc6 Rxb8 58. Rxb8 Ke3 59. Rf8 1-0

[Event "EU-ch (Women) 9th"]
[Site "Plovdiv"]
[Date "2008.04.30"]
[Round "9"]
[White "Ivkina, Olga"]
[Black "Stefanova, Milena"]
[Result "1-0"]
[WhiteElo "2278"]
[BlackElo "2029"]
[PlyCount "47"]
[EventDate "2008.04.21"]
[EventType "swiss"]
[EventRounds "11"]
[EventCountry "BUL"]
[SourceTitle "CBM 123 Extra"]
[Source "ChessBase"]
[SourceDate "2008.05.06"]
[SourceVersion "1"]
[SourceVersionDate "2008.05.06"]
[SourceQuality "1"]

1. e4 d5 2. exd5 Nf6 3. d4 Nxd5 4. c4 Nb6 5. Nf3 Bg4 6. c5 N6d7 7. Bc4 e6 8. h3 Bxf3 9. Qxf3 Nc6 10. Be3 Qf6 11. Qd1 e5 12. d5 Nd4 13. b4 a5 14. Qa4 Qg6 15. 0-0 Nf5 16. Bd3 Qf6 17. Nc3 Nxe3 18. fxe3 Qd8 19. Bb5 b6 20. Ne4 Rb8 21. d6 bxc5 22. bxc5 Rxb5 23. Qxb5 cxd6 24. c6 1-0